000 00318 a2200157 4500
001 161081
020 _a
040 _cMagnum
100 _aCapelli, Alba
240 1 0 _aO tigre/colecao na mata
_lpor
245 1 0 _aO tigre/colecao na mata
362 0 _a1899
440 1 _aFTD
697 _aI/ANIMAIS
942 _cBK
999 _c161081
_d161081